Tales from a not-so-happily ever after / (Record no. 130365)
[ view plain ]
| 000 -LEADER | |
|---|---|
| fixed length control field | 01782pam a2200457 i 4500 |
| 001 - CONTROL NUMBER | |
| control field | BK0014499100 |
| 005 - DATE AND TIME OF LATEST TRANSACTION | |
| control field | 20241220142039.0 |
| 008 - FIXED-LENGTH DATA ELEMENTS--GENERAL INFORMATION | |
| fixed length control field | 140822s2014 nyua j 000 1 eng d |
| 010 ## - LIBRARY OF CONGRESS CONTROL NUMBER | |
| LC control number | bl2014037414 |
| 020 ## - INTERNATIONAL STANDARD BOOK NUMBER | |
| International Standard Book Number | 9781481421843 : HRD |
| Terms of availability | $13.99 |
| 020 ## - INTERNATIONAL STANDARD BOOK NUMBER | |
| International Standard Book Number | 1481421840 : HRD |
| Terms of availability | $13.99 |
| 037 ## - SOURCE OF ACQUISITION | |
| Source of stock number/acquisition | Simon & Schuster, 100 Front st, Riverside, NJ, USA, 08075-7500 |
| Note | SAN 200-2442 |
| 040 ## - CATALOGING SOURCE | |
| Original cataloging agency | NjBwBT |
| Language of cataloging | eng |
| Transcribing agency | NjBwBT |
| Description conventions | rda |
| Modifying agency | IMmBT |
| 050 14 - LIBRARY OF CONGRESS CALL NUMBER | |
| Classification number | PZ7.R915935 |
| Item number | Tah 2014 |
| 082 04 - DEWEY DECIMAL CLASSIFICATION NUMBER | |
| Classification number | [Fic] |
| Edition number | 23 |
| 092 ## - LOCALLY ASSIGNED DEWEY CALL NUMBER (OCLC) | |
| Classification number | FIC |
| 092 ## - LOCALLY ASSIGNED DEWEY CALL NUMBER (OCLC) | |
| Classification number | RUSSELL |
| 100 1# - MAIN ENTRY--PERSONAL NAME | |
| Personal name | Russell, Rachel Renée, |
| Relator term | author. |
| 9 (RLIN) | 6280428 |
| 245 10 - TITLE STATEMENT | |
| Title | Tales from a not-so-happily ever after / |
| Statement of responsibility, etc | Rachel Renée Russell with Nikki Russell and Erin Russell. |
| 250 ## - EDITION STATEMENT | |
| Edition statement | First Aladdin hardcover edition. |
| 260 ## - PUBLICATION, DISTRIBUTION, ETC. (IMPRINT) | |
| Name of publisher, distributor, etc | Simon & Schuster |
| Date of publication, distribution, etc | 2014 |
| 264 #1 - Production, Publication, Distribution, Manufacture, and Copyright Notice. | |
| Place of production, publication, distribution, manufacture | New York : |
| Name of producer, publisher, distributor, manufacturer | Aladdin, |
| Date of production, publication, distribution, manufacture, or copyr | 2014. |
| 300 ## - PHYSICAL DESCRIPTION | |
| Extent | 295 pages : |
| Other physical details | illustrations ; |
| Dimensions | 22 cm. |
| 336 ## - Content Type | |
| Content type term | text |
| 336 ## - Content Type | |
| Content type term | still image |
| 337 ## - Media type | |
| Media type term | unmediated |
| 338 ## - Carrier type | |
| Carrier type term | volume |
| 490 1# - SERIES STATEMENT | |
| Series statement | Dork diaries ; |
| Volume number/sequential designation | 8 |
| 520 ## - SUMMARY, ETC. | |
| Summary, etc | A bump on the head suffered during gym class causes middle school drama queen Nikki Maxwell to have a crazy dream where all of her acquaintances assume the roles of familiar fairy tale characters. |
| 650 #1 - SUBJECT ADDED ENTRY--TOPICAL TERM | |
| Topical term or geographic name as entry element | Fairy tales |
| Form subdivision | Fiction. |
| 9 (RLIN) | 5688990 |
| 650 #1 - SUBJECT ADDED ENTRY--TOPICAL TERM | |
| Topical term or geographic name as entry element | Dreams |
| Form subdivision | Fiction. |
| 9 (RLIN) | 5681922 |
| 650 #1 - SUBJECT ADDED ENTRY--TOPICAL TERM | |
| Topical term or geographic name as entry element | Characters in literature |
| Form subdivision | Fiction. |
| 9 (RLIN) | 5674873 |
| 650 #1 - SUBJECT ADDED ENTRY--TOPICAL TERM | |
| Topical term or geographic name as entry element | Middle schools |
| Form subdivision | Fiction. |
| 9 (RLIN) | 5675986 |
| 650 #1 - SUBJECT ADDED ENTRY--TOPICAL TERM | |
| Topical term or geographic name as entry element | Schools |
| Form subdivision | Fiction. |
| 9 (RLIN) | 5673727 |
| 650 #1 - SUBJECT ADDED ENTRY--TOPICAL TERM | |
| Topical term or geographic name as entry element | Diaries |
| Form subdivision | Fiction. |
| 9 (RLIN) | 5674805 |
| 700 1# - ADDED ENTRY--PERSONAL NAME | |
| Personal name | Russell, Nikki, |
| Relator term | author. |
| 9 (RLIN) | 5903710 |
| 700 1# - ADDED ENTRY--PERSONAL NAME | |
| Personal name | Russell, Erin, |
| Relator term | author. |
| 9 (RLIN) | 5903711 |
| 800 1# - SERIES ADDED ENTRY--PERSONAL NAME | |
| Personal name | Russell, Rachel Renée. |
| Title of a work | Dork diaries ; |
| Volume/sequential designation | 8. |
| 9 (RLIN) | 5942042 |
| 942 ## - ADDED ENTRY ELEMENTS (KOHA) | |
| Koha item type | BOOK |
| 998 ## - LOCAL CONTROL INFORMATION (RLIN) | |
| -- | a206285 |
| Withdrawn status | Lost status | Source of classification or shelving scheme | Damaged status | Not for loan | Collection code | Home library | Current library | Shelving location | Date acquired | Source of acquisition | Serial Enumeration / chronology | Total Checkouts | Total Renewals | Full call number | Barcode | Date last seen | Date checked out | Cost, replacement price | Price effective from | Koha item type |
|---|---|---|---|---|---|---|---|---|---|---|---|---|---|---|---|---|---|---|---|---|
| Dewey Decimal Classification | Junior Fiction | Wasatch County Library | Wasatch County Library | Main Floor Junior Area | 07/25/2025 | Donation | #8 Dork Diaries | 3 | 2 | J Russell | 34301002162396 | 12/11/2025 | 11/18/2025 | 13.99 | 07/25/2025 | BOOK |
